=LDR 00000nam 2200000 4500 =001 001154 =005 20250710112719 =035 ##$$a 0010-0725000022 =007 ta =008 250710################a##########0#ind## =020 ##$$a 978-623-307-189-5 =082 ##$$a 398.209.598 =084 ##$$a 398.209.598 SAP d =100 #$$a Saptorini =245 1#$$a Daun-Daun Istimewa =250 ##$$a Cetakan Kedua =260 ##$$a Badan Pengembangan dan Pembinaan Bahasa :$b Rawamangun,$c 2021 =300 ##$$a 28 hlm. : $b Ilus. ; $c 29,7 =650 #4$$a Cerita Anak - Indonesia =650 #4$$a Literasi - Bahan bacaan =856 ##$$a TBM AS SUHADA